Hodnotenie výkonnosti podniku bakalárska práca

Uložené v:
Podrobná bibliografia
Hlavný autor: Harmanová, Romana
Korporativný autor: Podnikovohospodárska fakulta EU so sídlom v Košiciach. Katedra manažmentu
Ďalší autori: Hurný, František
Médium: Kniha
Jazyk:Slovak
Vydavateľské údaje: Košice 2018
Tagy: Pridať tag
Žiadne tagy, Buďte prvý, kto otaguje tento záznam!

MARC

LEADER 00000nbm a2200000 4500
001 0245710
005 20181024123141.4
041 0 |a slo 
044 |a SK 
245 1 0 |a Hodnotenie výkonnosti podniku  |b bakalárska práca  |c Romana Harmanová ; školiteľ: František Hurný 
264 1 |a Košice  |c 2018 
300 |a 58 s. 
100 1 |a Harmanová, Romana 
700 1 |a Hurný, František 
710 2 |a Podnikovohospodárska fakulta EU so sídlom v Košiciach. Katedra manažmentu